• 首页
  • 本馆介绍
  • 公告通知
  • 最新文献
  • 馆藏检索
  • 电子资源
  • 读者导购
  • 参考咨询
  • 我的图书馆
  • 登录
  • 详细信息显示
  • 放入我的书架
  • 预约/预借图书
  • 作者相关作品
  • 分类相关作品
  • 丛书相关作品
  • 出版社相关作品

书目信息

  • 表格格式
  • 工作单格式
  • 卡片格式
题名:
画法几何与阴影透视
    
 
作者: 萧琳琛 主编
分册:  
出版信息: 北京   化学工业出版社  2010.1
页数: 116页
开本: 26cm
丛书名: 高职高专规划教材
单 册:
中图分类: O185.2 , TU204-43
科图分类:
主题词: 画法几何--高等职业教育--教材 , 建筑制图--透视投影--高等职业教育--教材
电子资源:
ISBN: 978-7-122-07024-1
000 01203nam 2200301 450
001 0400002802
005 20171021142733.0
010    @a978-7-122-07024-1@dCNY30.00
099    @aCAL 012010018731
100    @a20100202d2010 em y0chiy0121 ea
101 0  @achi
102    @aCN@b110000
105    @aa a 000yy
106    @ar
200 1  @a画法几何与阴影透视@9hua fa ji he yu yin ying tou shi@f萧琳琛主编
210    @a北京@c化学工业出版社@d2010.1
215    @a116页@c图@d26cm@e附习题集1册 (18x26cm)
225 2  @a高职高专规划教材@9gao zhi gao zhuan gui hua jiao cai
320    @a有书目
330    @a本书系统地讲述投影原理——点、线、面的投影规律及运用投影变换的方法解决基本的度量问题;并运用投影的基本知识讨论立体的图示绘制及识读的方法及介绍轴测投影法的形成与画法;对于建筑阴影与透视的内容,介绍了常规的建筑基本形体、建筑小品等阴影产生的基本原理和基本的作图方法及常规一点透视及二点透视的画法。
410  0 @12001 @a高职高专规划教材
606 0  @a画法几何@x高等职业教育@j教材
606 0  @a建筑制图@x透视投影@x高等职业教育@j教材
690    @aO185.2@v4
690    @aTU204-43@v4
701  0 @a萧琳琛@9xiao lin chen@4主编
801  0 @aCN@b91MARC@c20171021
905    @b1032730-4@dO185.2@f5@e40
    
    画法几何与阴影透视/萧琳琛主编.-北京:化学工业出版社,2010.1
    116页:图;26cm+附习题集1册 (18x26cm).-(高职高专规划教材)
    
    
    ISBN 978-7-122-07024-1:CNY30.00
    本书系统地讲述投影原理——点、线、面的投影规律及运用投影变换的方法解决基本的度量问题;并运用投影的基本知识讨论立体的图示绘制及识读的方法及介绍轴测投影法的形成与画法;对于建筑阴影与透视的内容,介绍了常规的建筑基本形体、建筑小品等阴影产生的基本原理和基本的作图方法及常规一点透视及二点透视的画法。
●
相关链接 在E读中查询图书 在五车中查询图书 在当当中查询图书 在豆瓣中查询图书


正题名:画法几何与阴影透视     索取号:O185.2/40         预约/预借

序号 登录号 条形码 馆藏地/架位号 状态 备注
1 1032730   210327305   第二样本阅览室/ [索取号:O185.2/40] 在馆    
2 1032731   210327314   第三借阅区/ [索取号:O185.2/40] 在馆    
3 1032732   210327323   第三借阅区/ [索取号:O185.2/40] 在馆    
4 1032733   210327332   第三借阅区/ [索取号:O185.2/40] 在馆    
5 1032734   210327341   密集书库-数信学院/ [索取号:O185.2/40] 在馆    
唐山师范学院图书馆 欢迎您!
大连网信软件有限公司© 版权所有